000 00266 a2200085 4500
020 _a‎ 9781592536122
100 _aCatharine Fishel and Bill Gardner
245 _aLogoLounge Master Library, Volume 2: 3000 Animal and Mythology Logos
260 _bRockport Publishers
_c2010
999 _c13256
_d13256